| 000 | 01939cam a22003974i 4500 | ||
|---|---|---|---|
| 003 | PE-LiUPU | ||
| 005 | 20250731184545.0 | ||
| 008 | 150625s r 000 0 d | ||
| 035 | _a(Sirsi) a31046 | ||
| 040 |
_aPE-LiUPU _bspa _cPE-LiUPU _erda |
||
| 082 | 0 | 4 |
_a909 _bIb1 _221 |
| 100 | 1 |
_aIbarra y Rodriguez, Eduardo, dr., _eautor. |
|
| 245 | 1 | 0 |
_aHistoria del mundo en la edad moderna; el siglo XVIII . _n6. |
| 264 | 1 |
_aBarcelona : _bRamón Sopena, _c1957. |
|
| 336 |
_atext _2rdacontent |
||
| 337 |
_aunmediated _2rdamedia |
||
| 338 |
_avolume _2rdacarrier |
||
| 505 | 0 | _aGran Bretaña durante el reinado de Jorge I. - Los tiempos de Walpole y los Pelham. - El Jacobitismo y la unión. - El gobierno de los borbones en Francia y España. - Ensayos financieros y desenvolvimiento colonial. - Polonia bajo el gobierno de los reyes Sajones. - La guerra de la suceción Austriaca. - La guerra de los 7 años. - Rusia durante los reinados de Ana e Isabel. - La reversión de Alianzas. - España y Portugal. - La gran Bretaña. - Irlanda, sigloXVIII. - La India. - Italia y el papado. - Suiza desde el tratado de Aarau hasta la revolución Francesa. - José II. - Catalina II. - Federico ''El Grande'' y su sucesor. - El movimiento romántico en la literatura Europea. | |
| 526 | _aP136 | ||
| 526 | _aP135 | ||
| 526 | _aP134 | ||
| 526 | _aP133 | ||
| 526 | _aP144 | ||
| 526 | _aP143 | ||
| 526 | _aP87 | ||
| 526 | _aP35 | ||
| 526 | _aP20 | ||
| 526 | _aP14 | ||
| 526 | _aP10 | ||
| 526 | _aP06 | ||
| 942 |
_2ddc _cBOOK |
||
| 949 |
_a909 Ib1 6 _wDEWEY _c1 _i03764 _lCCODEBUL1 _mBUL _p00.00 _r0 _sY _tBOOK _u2015-06-25 _xBIBLIOTECA _zUNKNOWN _0COMPRA _o.STAFF. Colección General |
||
| 596 | _a1 | ||
| 999 |
_a909 IB1 6 _wDEWEY _c38557 _i03764 _d38557 _e2019-9-24 _f2021-11-8 _g5 _lCCODEBUL1 _mBUL _n1 _q1 _r0 _sY _tBOOK _u2015-6-25 _xBIBLIOTECA _zUNKNOWN _0COMPRA _o.STAFF. Colección General |
||
| 980 |
_81 _gALBERTO SANCHEZ Responsable de Automatización |
||